Pays et territoires sur Google Street View/Geoguessr - Statistiques

Statistiques générales
  • Ce quiz a été pris 131 fois
    62 depuis la dernière actualisation
  • Le résultat moyen est 63 sur 106
Statistiques - réponses
Continent Pays/Territoire % Correct
Europe France
91%
Amérique du Nord Mexique
91%
Amérique du Nord Canada
88%
Afrique Afrique du Sud
85%
Europe Allemagne
85%
Europe Espagne
85%
Amérique du Nord États-Unis
85%
Amérique du Sud Argentine
82%
Océanie Australie
82%
Asie Japon
82%
Europe Pays-Bas
82%
Amérique du Sud Brésil
79%
Asie Inde
79%
Europe Irlande
79%
Europe Italie
79%
Europe Russie
79%
Europe Suède
79%
Amérique du Sud Colombie
76%
Asie Corée du Sud
76%
Afrique Nigeria
76%
Europe Norvège
76%
Océanie Nouvelle Zélande
76%
Europe Royaume-Uni
76%
Europe Belgique
74%
Europe Grèce
74%
Europe Islande
74%
Europe Lituanie
74%
Europe Portugal
74%
Afrique Sénégal
74%
Afrique Tunisie
74%
Asie Turquie
74%
Amérique du Sud Chili
71%
Europe Danemark
71%
Europe Estonie
71%
Amérique du Nord Guatemala
71%
Amérique du Nord Panama
71%
Europe Pologne
71%
Amérique du Sud Uruguay
71%
Europe Andorre
68%
Europe Finlande
68%
Asie Indonésie
68%
Europe Lettonie
68%
Europe Suisse
68%
Asie Thailande
68%
Europe Albanie
65%
Europe Autriche
65%
Afrique Ghana
65%
Europe Hongrie
65%
Afrique Kenya
65%
Europe Luxembourg
65%
Amérique du Sud Pérou
65%
Europe Roumanie
65%
Europe Bulgarie
62%
Europe Croatie
62%
Amérique du Sud Équateur
62%
Asie Kazakhstan
62%
Asie Laos
62%
Europe Monténégro
62%
Asie Philippines
62%
Europe République Tchèque
62%
Europe Slovénie
62%
Europe Ukraine
62%
Europe Liechtenstein
59%
Europe Macédoine du Nord
59%
Europe Monaco
59%
Asie Oman
59%
Afrique Ouganda
59%
Asie Qatar
59%
Europe Serbie
59%
Europe Slovaquie
59%
Afrique Lesotho
56%
Asie Liban
56%
Afrique Madagascar
56%
Europe Malte
56%
Afrique Rwanda
56%
Europe Saint Marin
56%
Asie Taiwan
56%
Asie Émirats Arabes Unis
53%
Afrique Eswatini
53%
Asie Israël
53%
Asie Malaisie
53%
Asie Mongolie
53%
Asie Singapour
53%
Amérique du Sud Bolivie
50%
Asie Jordanie
50%
Asie Bhoutan
44%
Asie Cambodge
44%
Afrique Botswana
41%
Asie Kirghizistan
41%
Asie Sri Lanka
41%
Asie Bangladesh
38%
Amérique du Nord République Dominicaine
35%
Afrique São-Tomé-et-Principe
26%
Europe Îles Féroé
21%
Amérique du Nord Curaçao
18%
Asie Hong Kong
18%
Europe Île de Man
18%
Europe Jersey
18%
Amérique du Nord Porto Rico
18%
Europe Gibraltar
15%
Amérique du Nord Groenland
15%
Amérique du Nord Îles Vierges des États-Unis
15%
Océanie Guam
12%
Océanie Samoa Américaines
9%
Océanie Îles Mariannes du Nord
6%
Asie Îles Christmas
3%
Aucun quiz correspondant
Distribution des résultats
% des personnes avec chaque résultat
Percentile par nombre de réponses
Votre historique - résultats
Vous n’avez pas pris ce quiz depuis la dernière actualisation